Normal view MARC view

Entry Topical Term

Number of records used in: 1

001 - CONTROL NUMBER

  • control field: 7751

003 - CONTROL NUMBER IDENTIFIER

  • control field: OSt

005 - DATE AND TIME OF LATEST TRANSACTION

  • control field: 20160412162919.0

008 - FIXED-LENGTH DATA ELEMENTS

  • fixed length control field: 160412|| aca||aabn | a|a d

040 ## - CATALOGING SOURCE

  • Original cataloging agency: OSt
  • Transcribing agency: OSt

150 ## - HEADING--TOPICAL TERM

  • Topical term or geographic name entry element: Liberty.

670 ## - SOURCE DATA FOUND

  • Source citation: Work cat.: (OSt)3469: Sen, Amartya, 1933- 7750, Development as freedom /, 2001.